[Event "Florianopolis op 2nd"]
[Site "Florianopolis"]
[Date "2016.01.19"]
[Round "5"]
[White "Farias, Edilsom"]
[Black "Fernandes, Ricardo Munz"]
[Result "1-0"]
[WhiteElo "1898"]
[BlackElo "1730"]
[PlyCount "45"]
[EventDate "2016.01.16"]
[EventType "swiss"]
[EventRounds "10"]
[EventCountry "BRA"]
[SourceTitle "CBM 170 Extra"]
[Source "ChessBase"]
[SourceDate "2016.02.25"]
[SourceVersion "1"]
[SourceVersionDate "2016.02.25"]
[SourceQuality "1"]

1. d4 d5 2. c4 c6 3. Nf3 Nf6 4. Nc3 e6 5. cxd5 exd5 6. Qc2 Be7 7. Bg5 h6 8. Bh4 Be6 9. e3 Nbd7 10. Bd3 Rc8 11. 0-0 0-0 12. Rac1 a6 13. Qb1 c5 14. dxc5 Nxc5 15. Bf5 Qd7 16. Bxe6 fxe6 17. Ne5 Qd6 18. Ng6 Rf7 19. f4 Ncd7 20. Nxd5 Rxc1 21. Ndxe7+ Rxe7 22. Nxe7+ Qxe7 23. Qxc1 1-0

[Event "Florianopolis op 2nd"]
[Site "Florianopolis"]
[Date "2016.01.16"]
[Round "1"]
[White "Fernandes, Ricardo Munz"]
[Black "Kropff, Ricardo"]
[Result "0-1"]
[WhiteElo "1730"]
[BlackElo "2224"]
[PlyCount "54"]
[EventDate "2016.01.16"]
[EventType "swiss"]
[EventRounds "10"]
[EventCountry "BRA"]
[SourceTitle "CBM 170 Extra"]
[Source "ChessBase"]
[SourceDate "2016.02.25"]
[SourceVersion "1"]
[SourceVersionDate "2016.02.25"]
[SourceQuality "1"]

1. e4 e5 2. Nf3 Nc6 3. Bc4 Bc5 4. 0-0 d6 5. h3 h6 6. c3 Qe7 7. d4 exd4 8. cxd4 Bb6 9. Qa4 Bd7 10. Bb5 Nf6 11. d5 Nb8 12. Re1 g5 13. Nh2 Rg8 14. Be3 h5 15. Nd2 g4 16. h4 g3 17. fxg3 Rxg3 18. Bxb6 cxb6 19. Nc4 Bxb5 20. Qxb5+ Nbd7 21. Qb4 Nc5 22. Qb5+ Ncd7 23. Qb4 Nc5 24. Qb5+ Kd8 25. Ne3 Nfxe4 26. Nf5 Qf6 27. Nxg3 Qf2+ 0-1

[Event "Porto Alegre Oncosinos op"]
[Site "Porto Alegre"]
[Date "2015.09.06"]
[Round "5"]
[White "Fernandes, Ricardo Munz"]
[Black "Oliveira, Danyel Angelo Aquin"]
[Result "0-1"]
[WhiteElo "1754"]
[BlackElo "1815"]
[PlyCount "90"]
[EventDate "2015.09.04"]
[EventType "swiss"]
[EventRounds "7"]
[EventCountry "BRA"]
[SourceTitle "EXT 2016"]
[Source "ChessBase"]
[SourceDate "2015.10.08"]
[SourceVersion "1"]
[SourceVersionDate "2015.10.08"]
[SourceQuality "1"]

1. e4 c6 2. d4 d5 3. Nc3 dxe4 4. Nxe4 Bf5 5. Ng3 Bg6 6. h4 h6 7. Nf3 Nd7 8. h5 Bh7 9. Bd3 Bxd3 10. Qxd3 e6 11. Bf4 Qa5+ 12. c3 Ngf6 13. Ne5 Nxe5 14. Bxe5 Be7 15. Ne4 0-0-0 16. Bxf6 Bxf6 17. Nxf6 gxf6 18. Qf3 Rxd4 19. 0-0 Rd7 20. Qxf6 Qd8 21. Qf3 Qg5 22. Rad1 Rhd8 23. Rxd7 Rxd7 24. Rd1 Rxd1+ 25. Qxd1 Kc7 26. g3 Qd5 27. Qxd5 cxd5 28. g4 f6 29. f4 Kd7 30. g5 Ke7 31. gxh6 Kf7 32. a4 b6 33. Kf2 Kg8 34. Ke3 Kh7 35. Kd4 Kxh6 36. f5 exf5 37. Kxd5 Kxh5 38. Kd4 Kg4 39. Ke3 Kg3 40. Ke2 f4 41. Kf1 Kf3 42. b4 Ke4 43. c4 Kd4 44. a5 Kxc4 45. axb6 axb6 0-1

[Event "Florianopolis Cordioli Memorial"]
[Site "Florianopolis"]
[Date "2015.07.03"]
[Round "2"]
[White "Masselli, Eduardo"]
[Black "Fernandes, Ricardo Munz"]
[Result "0-1"]
[WhiteElo "1795"]
[BlackElo "1742"]
[PlyCount "78"]
[EventDate "2015.07.03"]
[EventType "swiss"]
[EventRounds "7"]
[EventCountry "BRA"]
[SourceTitle "EXT 2016"]
[Source "ChessBase"]
[SourceDate "2015.10.08"]
[SourceVersion "1"]
[SourceVersionDate "2015.10.08"]
[SourceQuality "1"]

1. e4 c6 2. d4 d5 3. Nc3 dxe4 4. Nxe4 Bf5 5. Ng3 Bg6 6. h4 h6 7. h5 Bh7 8. Nf3 Nd7 9. Bd3 Bxd3 10. Qxd3 e6 11. Be3 Qa5+ 12. Bd2 Qc7 13. 0-0-0 Ngf6 14. Rde1 Bd6 15. Nf5 0-0-0 16. Nxd6+ Qxd6 17. Ne5 Nxe5 18. dxe5 Qxd3 19. cxd3 Ng4 20. Rhf1 f6 21. exf6 Nxf6 22. Rxe6 Rxd3 23. Rh1 Rd5 24. Be3 Kd7 25. Rxf6 gxf6 26. Bxa7 Ra8 27. Be3 Rxa2 28. Kb1 Ra8 29. Bxh6 Rh8 30. Bg7 Rhxh5 31. Re1 Rhe5 32. Rh1 Ke6 33. Rh6 Kf7 34. Bxf6 Re6 35. Rh7+ Kxf6 36. Rxb7 Rd2 37. Rb8 Ke5 38. Rf8 Rf6 39. Re8+ Kf5 0-1

[Event "Porto Alegre Oncolinos op"]
[Site "Porto Alegre"]
[Date "2013.11.16"]
[Round "4"]
[White "Fernandes, Ricardo Munz"]
[Black "Prochnow, Marcos Alberto"]
[Result "1-0"]
[WhiteElo "1800"]
[BlackElo "1768"]
[PlyCount "84"]
[EventDate "2013.11.14"]
[EventType "swiss"]
[EventRounds "7"]
[EventCountry "BRA"]
[SourceTitle "EXT 2015"]
[Source "ChessBase"]
[SourceDate "2014.11.20"]
[SourceVersion "1"]
[SourceVersionDate "2014.11.20"]
[SourceQuality "1"]

1. c4 e5 2. Nc3 Nf6 3. g3 c6 4. Bg2 d5 5. b3 d4 6. Ne4 c5 7. d3 Be7 8. Bg5 Nxe4 9. Bxe7 Qxe7 10. Bxe4 Nc6 11. Bg2 f5 12. Bxc6+ bxc6 13. Qc2 0-0 14. 0-0-0 e4 15. h4 e3 16. f3 Qd6 17. f4 Be6 18. Nf3 Bf7 19. Ne5 Bh5 20. Kb2 a5 21. a4 Rab8 22. Ka2 Rb4 23. Rb1 Rfb8 24. Rb2 Qe6 25. Rhb1 Qe8 26. Qd1 h6 27. Qh1 R4b6 28. Qh3 Qe6 29. Rg1 Qc8 30. Qg2 Qe6 31. Rbb1 Kh7 32. Rb2 R8b7 33. Qh2 Qf6 34. Qg2 g5 35. hxg5 hxg5 36. Rh1 Qh6 37. Qh3 g4 38. Qxh5 Qxh5 39. Rxh5+ Kg7 40. Rxf5 Rb8 41. Rg5+ Kh6 42. Rb1 Rxb3 1-0

[Event "Porto Alegre Oncolinos op"]
[Site "Porto Alegre"]
[Date "2013.11.15"]
[Round "2"]
[White "Fernandes, Ricardo Munz"]
[Black "Fonseca, Luis Ernesto Serra"]
[Result "0-1"]
[WhiteElo "1800"]
[BlackElo "2031"]
[PlyCount "92"]
[EventDate "2013.11.14"]
[EventType "swiss"]
[EventRounds "7"]
[EventCountry "BRA"]
[SourceTitle "EXT 2015"]
[Source "ChessBase"]
[SourceDate "2014.11.20"]
[SourceVersion "1"]
[SourceVersionDate "2014.11.20"]
[SourceQuality "1"]

1. e4 c5 2. Nf3 d6 3. d4 cxd4 4. Nxd4 Nf6 5. Nc3 g6 6. f3 Bg7 7. Bc4 Nc6 8. Bb3 Qb6 9. Nxc6 bxc6 10. Qe2 Ba6 11. Qf2 0-0 12. Be3 c5 13. Qd2 Qb4 14. a3 Qb7 15. Rb1 Rab8 16. Kf2 Rfd8 17. Rhd1 Qc7 18. Kg1 Bb7 19. Nb5 Qb6 20. Nc3 Qc7 21. Bh6 Bh8 22. Qe2 Nd7 23. f4 Qb6 24. Qc4 e6 25. Kh1 Ba6 26. Qa4 Bxc3 27. bxc3 Bb5 28. Ba2 Bxa4 29. Rxb6 Nxb6 30. f5 exf5 31. exf5 Bxc2 32. Rf1 Bxf5 33. g4 Be6 34. Bb1 Bxg4 35. h4 d5 36. Rf4 Re8 37. Bd3 Re3 38. Bb5 Bf3+ 39. Kg1 Rxc3 40. Kf2 Bh5 41. Rf6 Bg4 42. Rd6 Rxa3 43. Bc6 Be6 44. h5 Nc4 45. Rxe6 fxe6 46. Bd7 Rb2+ 0-1

[Event "Porto Alegre op"]
[Site "Porto Alegre"]
[Date "2013.07.06"]
[Round "1"]
[White "Fernandes, Ricardo Munz"]
[Black "Ferreira, Ozeias da Cunha"]
[Result "1-0"]
[WhiteElo "1800"]
[BlackElo "1982"]
[PlyCount "109"]
[EventDate "2013.07.06"]
[EventType "swiss"]
[EventRounds "6"]
[EventCountry "BRA"]
[SourceTitle "EXT 2014"]
[Source "ChessBase"]
[SourceDate "2013.11.20"]
[SourceVersion "1"]
[SourceVersionDate "2013.11.20"]
[SourceQuality "1"]

1. e4 Nf6 2. e5 Nd5 3. d4 d6 4. c4 Nb6 5. exd6 exd6 6. Nc3 Nc6 7. Nf3 Be7 8. h3 0-0 9. Bd3 Bf6 10. Be3 Re8 11. a3 Na5 12. b3 c5 13. 0-0 Nc6 14. Ne4 Bxd4 15. Bxd4 cxd4 16. Bc2 Bf5 17. Re1 Bxe4 18. Bxe4 d5 19. cxd5 Nxd5 20. Nxd4 Nc3 21. Bxh7+ Kf8 22. Rxe8+ Qxe8 23. Qh5 Nxd4 24. Bd3 Ne6 25. Re1 Rd8 26. Bc4 b5 27. Bxe6 fxe6 28. Qc5+ Qe7 29. Qxc3 Qxa3 30. Rxe6 Kf7 31. Re1 Qd6 32. Qe5 Qxe5 33. Rxe5 a6 34. Re2 Rd4 35. Kh2 Rd3 36. Rb2 Kf6 37. g3 Ke5 38. Kg2 Rc3 39. Kf1 Kd4 40. Ke2 Kc5 41. Kd2 Kb4 42. Ra2 Rf3 43. Rxa6 Rxf2+ 44. Ke3 Rf7 45. Rb6 Re7+ 46. Kf4 Rd7 47. h4 Kc5 48. Rb8 Rd4+ 49. Kf5 Rd3 50. g4 Rxb3 51. Kg6 Rf3 52. g5 Rf4 53. h5 Rg4 54. Rb7 b4 55. Rxg7 1-0